000 00610cam a22002053a 4500
001 42345
003 PGUSA
005 20140828083947.0
008 130316s2013||||xxu|||||s|||||000 | eng d
040 _aPGUSA
_beng
042 _adc
100 1 _aWright, Henrietta Christian,
_d-1899
245 1 0 _aChildren's Stories in American History
_h[electronic resource] /
_cHenrietta Christian Wright
260 _bProject Gutenberg,
_c2013
506 _aPublic domain in the USA.
516 _aElectronic text
830 0 _aProject Gutenberg
_v42345
856 4 0 _uhttp://www.gutenberg.org/ebooks/42345
942 _cEB
999 _c271597
_d271597